000 00864 a2200253 4500
003 CBULib
005 20240130145432.0
008 240129b |||||||| |||| 00| 0 eng d
040 _aCBULib
_bEnglish
_cCBULib
_erda
041 _aeng
050 _aCBU-PG THESIS/CHI
100 _aChiwanza, Hellen Nambela
_92402
245 _aImpact of water quality from parts of Ndola on the strength properties of concrete
_c/ by Hellen Nambela Chiwanza
260 _bCopperbelt University,
_c2023.
_aKitwe :
300 _aix, 49 pages : illustrations
336 _2rdacontent
_aText |
_btxt
337 _2rdamedia
_aUnmediated |
_bn
338 _2rdacarrier
_aVolume
_bnc
500 _aincludes bibliographical references and appendices
650 0 _92403
_aWATER QUALITY
650 0 _92404
_aCONCRETE CONSTRUCTION
650 0 _92245
_aNDOLA DISTRICT
942 _2lcc
_c030
999 _c84728
_d84728